Detalles MARC
| 000 -LÍDER |
| Campo fijo de descripción fija |
02194aam a2200277 i 4500 |
| 001 - NÚMERO DE CONTROL |
| Campo de control |
768714001 |
| 003 - IDENTIFICADOR DEL NÚMERO DE CONTROL |
| Campo de control |
CO-MdFUSB |
| 005 - FECHA Y HORA DE LA ULTIMA TRANSACCIÓN |
| control field |
20211016122549.0 |
| 008 - ELEMENTOS DE LONGITUD FIJA -- INFORMACIÓN GENERAL |
| Campo fijo de descripción fija -- Información general |
180704t1968 sp ||||| |||| 00| 0 eng d |
| 020 ## - NÚMERO INTERNACIONAL NORMALIZADO PARA LIBROS |
| Número Internacional Normalizado del libro |
84-7914-483-1 (Obra completa) : 84-7914-481-5 (tomo IV) |
| 040 ## - FUENTE DE CATALOGACIÓN |
| Agencia de catalogación original |
CO-MdFUSB |
| Idioma de catalogación |
spa |
| Agencia que realiza la transcripción |
CO-MdFUSB |
| Agencia que realiza la modificación |
CO-MdFUSBC |
| Convenciones de la descripción |
rda |
| 041 0# - CÓDIGO DE IDIOMA |
| Código de idioma para texto/pista de sonido o título separado |
spa |
| 082 04 - NÚMERO DE CLASIFICACIÓN DECIMAL DEWEY |
| Número de clasificación |
270.092 |
| 245 10 - TÍTULO |
| Título del Material |
Patrología |
| Mención de responsabilidad, etc. |
/ Presentación, Johannes Quasten ; dirigido por Angelo Di Berardino |
| 264 #1 - PRODUCCIÓN, PUBLICACIÓN, DISTRIBUCIÓN, MANUFACTURA, Y COPYRIGHT |
| Lugar de producción, publicación, distribución, manufactura |
Madrid, España : |
| Nombre del productor, publicador, distribuidor |
Biblioteca de Autores Cristianos |
| Fecha de producción, publicación, distribución, manufactura, o copyright |
[1968] |
| 264 #4 - PRODUCCIÓN, PUBLICACIÓN, DISTRIBUCIÓN, MANUFACTURA, Y COPYRIGHT |
| Fecha de producción, publicación, distribución, manufactura, o copyright |
© 1968 |
| 300 ## - DESCRIPCIÓN FÍSICA |
| Extensión |
t.1, 752 p. ; t.2, 627 p. ; t.3, 790 p. ; t.4, 690 p. |
| Dimensiones |
; 22 cm |
| 336 ## - TIPO DE CONTENIDO |
| Término de tipo de contenido |
texto |
| Código de tipo de contenido |
txt |
| Fuente |
rdacontent |
| 337 ## - TIPO DE MEDIO |
| Fuente |
rdamedia |
| Nombre del tipo de medio |
sin mediación |
| Código del tipo de medio |
n |
| 338 ## - TIPO DE SOPORTE |
| Fuente |
rdacarrier |
| Nombre del tipo de soporte |
volumen |
| Código Tipo de soporte |
nc |
| 500 ## - NOTA GENERAL |
| Nota General |
Título original en italiano: Patrología |
| 505 ## - NOTA DE CONTENIDO |
| Nota de contenido con formato preestablecido |
\Tomo I: Los origenes de la literatura cristiana -- Literatura atenicena despues de Ireno \ Tomo II: Los escritores de Alejandría y Egipto -- Los fundadores del monaquismo egipcio -- Los escritores de Asia Menor -- Los escritores de Antioquia y Siria \ Tomo III: El nuevo rumbo del siglo IV / A. Hamman -- Hilario de Poitiers y la crisis arriana en Occidente. Polemistas y herejes / M. Simonetti -- Ambrosio de Milán, Ambrosiáster y Nicetas / M. G. Mara -- Las traducciones. Jerónimo y Rufino / J. Gribomont -- La poesía cristiana / di Berardino -- San Agustín / A. Trape -- La controversia pelagiana / V. Grossi -- Escritores de Galias y de Península Ibérica / A. Hamman -- Escritores de Italia hasta San León Magno / B. Studer \ Tomo IV: Del concilio de Calcedonia (451) a Beda. Los Padres latinos / Angelo Di Berardino -- El Occidente latino. De León Magno a Beda -- Literatura cristiana Áfricana / Manlio Simonetti -- Escritores de Península Ibérica / Manuel C. Díaz y Díaz -- Escritores de Italia / Paolo Siniscalco, Ubaldo Pizzani, Angelo Di Berardino -- Escritores de Galia / Yitzhak Hen -- Inglaterra, Irlanda, Germania / Gillian R. Evans -- Literatura gótica / Bruno Luiselli -- Literatura canónica, penitencial y litúrgica / Angelo Di Berardino |
| 653 ## - TÉRMINO DE INDIZACIÓN - NO CONTROLADO |
| Término no controlado |
Padres de la iglesia |
| 942 ## - TIPO DE MATERIAL (KOHA) |
| Tipo de Item KOHA |
Libros de Referencia |
| 945 ## - INFORMACIÓN LOCAL DEL REGISTRO |
| Catalogador |
Estudiante |